[Event "Solingen Karneval op"]
[Site "Solingen"]
[Date "2013.02.10"]
[Round "5"]
[White "Krabbe, Thomas"]
[Black "Balint, Levente"]
[Result "1/2-1/2"]
[WhiteElo "835"]
[BlackElo "1520"]
[PlyCount "106"]
[EventDate "2013.02.08"]
[EventType "swiss"]
[EventRounds "5"]
[EventCountry "GER"]
[SourceTitle "EXT 2015"]
[Source "ChessBase"]
[SourceDate "2014.11.20"]
[SourceVersion "1"]
[SourceVersionDate "2014.11.20"]
[SourceQuality "1"]

1. c4 Nf6 2. g3 c6 3. Bg2 d5 4. cxd5 cxd5 5. Nf3 Bf5 6. Nc3 e6 7. 0-0 Be7 8. d3 Nbd7 9. Re1 0-0 10. e4 dxe4 11. dxe4 Bg6 12. h3 Nc5 13. Qxd8 Rfxd8 14. Nd2 Nd3 15. Re2 Bc5 16. Nd1 Ne5 17. b3 Bh5 18. Re1 Nd3 19. Rf1 Be2 20. Nc4 Bxf1 21. Bxf1 Nxe4 22. Be3 Bxe3 23. Ncxe3 Rac8 24. Nc4 Ndc5 25. Bg2 Nd2 26. Nde3 Nxc4 27. Nxc4 b5 28. Ne5 Rd6 29. Rc1 f6 30. Nc6 Rd7 31. Rxc5 a6 32. Ne7+ Rxe7 33. Rxc8+ Kf7 34. Ra8 Rc7 35. Rxa6 Rc1+ 36. Bf1 b4 37. Rb6 Ra1 38. Ra6 e5 39. Kg2 e4 40. Bc4+ Kg6 41. Ra5 Rb1 42. Rb5 Rb2 43. Rxb4 Rxa2 44. Bd5 e3 45. Be4+ Kh6 46. Kf1 Rxf2+ 47. Ke1 f5 48. Bxf5 Rxf5 49. Ke2 Re5 50. Rb6+ g6 51. b4 Re7 52. Rb8 Kg7 53. Rb6 Kh8 1/2-1/2